Management in civil engineering (Record no. 49930)

MARC details
000 -LEADER
fixed length control field 00581nam a2200157 a 4500
008 - FIXED-LENGTH DATA ELEMENTS--GENERAL INFORMATION
fixed length control field 120416s0000 ||||||||||||||||| || u
020 ## - INTERNATIONAL STANDARD BOOK NUMBER
International Standard Book Number 0853620989
050 ## - LIBRARY OF CONGRESS CALL NUMBER
Classification number TA 190 Man
100 ## - MAIN ENTRY--PERSONAL NAME
Personal name Isaac, Peter C. G
245 10 - TITLE STATEMENT
Title Management in civil engineering
Statement of responsibility, etc. edited by Peter C. G. Isaac
246 ## - VARYING FORM OF TITLE
Title proper/short title a practical handbook
260 ## - PUBLICATION, DISTRIBUTION, ETC.
Place of publication, distribution, etc. Newcastle upon Tyne
Name of publisher, distributor, etc. Oriel Press
Date of publication, distribution, etc. 1971
300 ## - PHYSICAL DESCRIPTION
Extent viii, 116p. : ill.
350 ## - PRICE (NR) (BK AM CF MU VM SE) [OBSOLETE]
Price 0.00
995 ## - RECOMMENDATION 995 [LOCAL, UNIMARC FRANCE]
-- 0.00
-- CBU-MAIN LIBRARY (Kitwe)
-- 1
-- 1.75
-- 1
-- AVAILABLE
-- Annex Low-Usage Collection
Holdings
Withdrawn status Lost status Source of classification or shelving scheme Damaged status Not for loan Home library Current library Shelving location Date acquired Total Checkouts Full call number Barcode Date last seen Price effective from Koha item type
          CBU-MAIN LIBRARY, KITWE. CBU-MAIN LIBRARY, KITWE.   11/30/2022   TA 190 Man 014586 11/30/2022 11/30/2022 MONOGRAPH